000 00334nam a2200145Ia 4500
008 210210b1950 xxu||||| |||| 00| 0 eng d
041 _aeng
082 _a825/144
100 _aBURRA (P)
245 _aWordsworth
260 _aLondon
_bNot Mentioned
_c1950
650 _aWordsworth
690 _aEnglish Criticism
906 _a014461
999 _c133644
_d133644